Návrh zásadných opatrení v oblasti menovej, finančnej a rozpočtovej politiky od roku 1993. Vrátane návrhu opatrení na úseku bankovníctva, colníctva a cien.
Text opatrení prerokovaných a schválených vládou SR 9.2.1993, ktoré nadväzujú na prijatú stratégiu hospodárskeho vývoja, štátny rozpočet SR na rok 1993 a ďalšie dokumenty súvisiace so zánikom ČSFR a vznikom samostatnej SR.
Gespeichert in:
| Format: | Buchkapitel |
|---|---|
| Sprache: | Slowakisch |
| Schlagworte: | |
| Tags: |
Keine Tags, Fügen Sie das erste Tag hinzu!
|
MARC
| LEADER | 00000naa a2200000 4500 | ||
|---|---|---|---|
| 001 | r012220 | ||
| 005 | 20221207124335.0 | ||
| 041 | 0 | |a slo | |
| 044 | |a SK | ||
| 245 | 1 | 0 | |a Návrh zásadných opatrení v oblasti menovej, finančnej a rozpočtovej politiky od roku 1993. |b Vrátane návrhu opatrení na úseku bankovníctva, colníctva a cien. |
| 520 | |a Text opatrení prerokovaných a schválených vládou SR 9.2.1993, ktoré nadväzujú na prijatú stratégiu hospodárskeho vývoja, štátny rozpočet SR na rok 1993 a ďalšie dokumenty súvisiace so zánikom ČSFR a vznikom samostatnej SR. | ||
| 610 | 2 | 0 | |a politika menová |
| 610 | 2 | 0 | |a politika finančná |
| 610 | 2 | 0 | |a politika rozpočtová |
| 610 | 2 | 0 | |a bankovníctvo |
| 610 | 2 | 0 | |a colníctvo |
| 610 | 2 | 0 | |a ceny |
| 610 | 2 | 0 | |a rozpočet štátny |
| 610 | 2 | 0 | |a Slovensko |
| 610 | 2 | 0 | |a 1993 |
| 610 | 2 | 0 | |a dokumenty vládne |